| 000 | 00687nam a2200241 4500 | ||
|---|---|---|---|
| 001 | 352 | ||
| 005 | 20220616142023.0 | ||
| 008 | 860604s1982 enka b 001 0 eng c | ||
| 010 | _a 86672836 | ||
| 020 | _a0333304497 (pbk.) | ||
| 020 | _a0333310691 (export ed.) | ||
| 020 | _a0333312953 | ||
| 100 | 1 | _aLowe, Norman. | |
| 245 | 1 | 0 |
_aMastering modern world history / _cNorman Lowe. |
| 260 |
_aChennai : _bMacmillan, _c1997. |
||
| 300 |
_axxi, 522 p. : _bill. ; _c23 cm. |
||
| 490 | 0 | _aMacmillan master series | |
| 500 | _aIncludes index. | ||
| 504 | _aBibliography: p. 509-513. | ||
| 650 | 0 |
_aHistory, Modern _y20th century. |
|
| 740 | 0 | _aModern world history. | |
| 942 |
_2ddc _cMAIN |
||
| 999 |
_c310 _d310 |
||